| 000 | 01136nam a2200241 i 4500 | ||
|---|---|---|---|
| 001 | 25011 | ||
| 003 | ES-MaACL | ||
| 005 | 20250907063036.0 | ||
| 007 | t| | ||
| 008 | 021219s1917 sp a |||| | spa d | ||
| 100 | 1 |
_aApraiz y Buesa, Ángel de, _d1885-1956 _922127 |
|
| 245 | 1 | 3 |
_aLa casa y la vida en la antigua Salamanca _b: notas de dos conferencias en el Ateneo de Madrid y en el de Salamanca / _cpor Ángel de Apraiz ; [fotografías del Seminario de Arte de la Facultad de Filosofía y Letras]. |
| 260 |
_aSalamanca : _b[s.n.], _c1917 ( _fImp. Calatrava) |
||
| 300 |
_a47 p. : _bil. ; _c25 cm. |
||
| 500 | _aConferencia dada el 29 de marzo de 1917, organizada por la Sección de Artes Plásticas, presidida por Vicente Lampérez. | ||
| 610 | 2 | 4 |
_aAteneo de Madrid- _vConferencias- _y1900-1939 _91907 |
| 650 | 4 |
_aCasas señoriales- _zSalamanca. _9156821 |
|
| 651 | 4 |
_aSalamanca- _xUsos y costumbres. _9156822 |
|
| 710 | 2 |
_aAteneo de Salamanca. _92020 |
|
| 710 | 2 |
_aAteneo de Madrid. _bSección de Artes Plásticas. _91970 |
|
| 852 |
_aES-MaACL _j1567-F-17 _z. - Dedicatoria autógrafa del autor |
||
| 999 |
_c25011 _d25011 |
||